| 000 | 00803 a2200217 4500 | ||
|---|---|---|---|
| 008 | 080820t xxu||||| |||| 00| 0 eng d | ||
| 010 | _aENG-84823 | ||
| 020 |
_a818116024X _c795.00 |
||
| 035 | _aEN-68356 | ||
| 037 | _bD.B.Act / Pub | ||
| 082 | _a658 | ||
| 100 | _aGupta, M. P. | ||
| 245 |
_aCrisis management _cby M. P. Gupta |
||
| 260 |
_aNew Delhi _bMaxford Books _c2006. |
||
| 270 |
_a4393/4, First Floor, Ansari Road, Darya Ganj, New Delhi _bNew Delhi _cDelhi _e110002 _mmaxfordbooks@hotmail.com |
||
| 300 |
_avi, 285 p. ; _c21 cm. (Hb) |
||
| 500 | _aIncludes bibliographical references | ||
| 650 | _aManagement | ||
| 942 |
_adpl _cEN _k658 / GUP _2ddc _h658 _mGUP |
||
| 999 |
_c481 _d481 |
||